00621nam a2200169Ia 4500100001900000942000700019366000700026654001300033245003300046260002500079082001400104300000800118546001200126999001700138952014800155952014800303 aBoyd/Donald W  cBK f25 amodeling aSystem Analysis and modeling bAcademic Pressc2001 a4.21bBOY a365 aENGLISH c24211d24211 001040708CRCaCRCEbCRCEd2023-03-17eDharma Enterprisesg112.50i1578 dt 06/08/2009l0o4.21 BOYp19883r2023-03-17v150.00w0000-00-00yBK 001040708CRCaCRCEbCRCEd2023-03-17eDharma Enterprisesg112.50i1578 dt 06/08/2009l0o4.21 BOYp19884r2023-03-17v150.00w0000-00-00yBK